000 00623nam a2200205 a 4500
005 20221005063447.0
008 080624s1970 mx r 000 0 spa d
035 _aUPN01000157522
049 _aUNE
080 _a37.014. 22 (100) =40 ALP.
245 0 3 _aL' Alphabétisation fonctionnelle :
_bpourquoi et comment.
260 _aParís :
_bUNESCO,
_c1970.
300 _a39 p. :
_bil.
440 0 _aL'UNESCO et son programme
500 _a1970 Année Internationale de l' Education
690 _aAlfabetización funcional
_91986
690 _aProgramas de alfabetización
_913797
710 2 _aUNESCO
905 _aUNESCO
999 _c129636
_d129636